Central Library OPAC University of Rajshahi

Man makes himself / (Record no. 22329)

MARC details
000 -LEADER
fixed length control field 00755cam a2200265 a 4500
001 - CONTROL NUMBER
control field 22329
003 - CONTROL NUMBER IDENTIFIER
rucl marc code BD-RjUL
005 - DATE AND TIME OF LATEST TRANSACTION
control field 20211209000808.0
008 - FIXED-LENGTH DATA ELEMENTS--GENERAL INFORMATION
fixed length control field 140308s1965 enka b 001 0 eng d
035 ## - SYSTEM CONTROL NUMBER
System control number (BD-RjUL)22394
040 ## - CATALOGING SOURCE
Original cataloging agency BD-RjUL
Language of cataloging eng
Transcribing agency BD-RjUL
Modifying agency BD-RjUL
041 ## - LANGUAGE CODE
Language code of text/sound track or separate title eng
082 ## - DEWEY DECIMAL CLASSIFICATION NUMBER
Classification number 901.9
Author mark and year CHM
100 1# - MAIN ENTRY--PERSONAL NAME
Personal name Childe, V. Gordon
Fuller form of name (Vere Gordon),
Dates associated with a name 1892-1957
9 (RLIN) 34294
245 10 - TITLE STATEMENT
Title Man makes himself /
Statement of responsibility, etc. By V. Gordon Childe
250 ## - EDITION STATEMENT
Edition statement 4th ed. :
260 ## - PUBLICATION, DISTRIBUTION, ETC. (IMPRINT)
Place of publication, distribution, etc. London :
Name of publisher, distributor, etc. Watts,
Date of publication, distribution, etc. 1965.
300 ## - PHYSICAL DESCRIPTION
Pagination xvii, 244 p. :
Illustrations ill. ;
Size 18 cm.
500 ## - GENERAL NOTE
General note First publ. 1936.
650 #0 - SUBJECT ADDED ENTRY--TOPICAL TERM
Topical term or geographic name as entry element Civilization, Ancient.
9 (RLIN) 34340
Topical term or geographic name as entry element Archaeology.
9 (RLIN) 68952
Topical term or geographic name as entry element Prehistoric peoples.
9 (RLIN) 68953
Topical term or geographic name as entry element Progress.
9 (RLIN) 68954
942 ## - ADDED ENTRY ELEMENTS (KOHA)
Source of classification or shelving scheme Dewey Decimal Classification
Koha item type Books
Holdings
Lost status Source of classification or shelving scheme Damaged status Not for loan Collection code Permanent Location Current Location Shelving location Date acquired Source of acquisition Cost, normal purchase price Total Checkouts Full call number Date last seen Copy number Koha item type
  Dewey Decimal Classification     Non-fiction Central Library, University of Rajshahi Central Library, University of Rajshahi   16/03/1964 Britain 0.00   901.9 CHM 1965 08/03/2014 C-4 Books